000 00753nam a2200265Ia 4500
001 dia_1145
003 CHAP
005 20230126102209.0
008 220117s1991 xx 000 0 und d
010 _a171689
020 _a84-7114-322-4
040 _cCHAP
082 _a380.142 B3
100 _aBallestero, Enrique
_99723
245 _aEconomía de la Empresa Agraria y Alimentaria /
_c por Enrique Ballestero
260 _aMadrid, España :
_b Mundi-Prensa,
_c1991
300 _a392 p.
503 _aI.168714
650 _a1.Mercadeo
_xagricultura
_9150136
650 _aEconomia agraria
_9150137
901 _a380.142 B3
902 _aM
905 _a0000001991 SP X 0000000000SPA00
942 _cLIBRO
_2ddc
999 _c171689
_d171689